01466nam a2200409 i 450000100060000000300080000600500170001400600190003100700150005000800410006502000180010602000270012403500230015103500240017403500250019803500210022304000310024405000220027508000110029708200150030810000330032324500780035626400430043430000580047733600310053533700330056633800430059949000560064250400290069858801240072765000240085165000170087565000180089265500270091083000570093785600620099421274FlNmELB20241216213919.0m o d | cr cnu||||||||150713s2013 sp a ob 000 0 spa d a9788436821635 a9788436828726 (e book) a(MiAaPQ)EBC3428849 a(Au-PeEL)EBL3428849 a(CaPaEBR)ebr11059313 a(OCoLC)991998748 aFINmELBbspaerdacFINmELB 4aGV452bM3869 2013 a372.360 a372.862231 aMartín Domínguez, Delia.10aPsicomotricidad e intervención educativa /cDelia Martín Domínguez. 1aMadrid :bEdiciones Pirámide,c2013. a1 recurso en línea (227 páginas) :bilustraciones atextobtxt2rdacontent/spa acomputadorabc2rdamedia/spa arecurso en líneabcr2rdacarrier/spa1 aColección "Psicología". Sección "Pedagogía" aContiene bibliografía. aDescripción basada en recurso en línea; Título de la página del título en PDF (e-libro, visto July 13, 2015). 0aMovement education. 4aEducación. 4aPsicología. 4aLibros electrónicos. 0aColección "Psicología". Sección "Pedagogía".40uhttps://elibro.net/ereader/politecnicointernacional/49034